000 01566nam a22002057a 4500
005 20250210105409.0
008 250210b ||||| |||| 00| 0 eng d
020 _a9780367268589
040 _cAL
041 _aeng
082 _223
_a613.286
_bLAMA
100 _aManfred Lamprecht
_9198681
245 _aAntioxidants in sport nutrition
260 _aLondon
_bCRC Press
_c2023
300 _axiv,285p
_bHB
_c23.5x15.5cm.
365 _2General
_a6390
_b₹1996.00
_c
_d₹2495.00
_e20%
_f6/02/2025
520 _aThe use of antioxidants in sports is controversial due to existing evidence that they both support and hinder athletic performance. Antioxidants in Sport Nutrition covers antioxidant use in the athlete’s basic nutrition and discusses the controversies surrounding the usefulness of antioxidant supplementation. The book also stresses how antioxidants may affect immunity, health, and exercise performance.The book contains scientifically based chapters explaining the basic mechanisms of exercise-induced oxidative damage. Also covered are methodological approaches to assess the effectiveness of antioxidant treatment. Biomarkers are discussed as a method to estimate the bioefficacy of dietary/supplemental antioxidants in sports.This book is useful for sport nutrition scientists, physicians, exercise physiologists, product developers, sport practitioners, coaches, top athletes, and recreational athletes. In it, they will find objective information and practical guidance.
650 _2Medicine and Health
_aNutrition
_9198682
942 _2ddc
_cBK
999 _c233735
_d233735